Online Catalogue and eLibrary

Women's economic participation in Asia and the pacific (Record no. 2710)

MARC details
000 -LEADER
fixed length control field 00392nam a2200145Ia 4500
005 - DATE AND TIME OF LATEST TRANSACTION
control field 20240528040320.0
008 - FIXED-LENGTH DATA ELEMENTS--GENERAL INFORMATION
fixed length control field 240331s9999 xx 000 0 und d
082 ## - DDC Classification
Item Number - Author Mark WOM
Class No. 331.4
245 #0 - TITLE STATEMENT
Title Women's economic participation in Asia and the pacific
Statement of responsibility, etc. United Nations
260 ## - PUBLICATION, DISTRIBUTION, ETC.
Place of publication, distribution, etc. Thailand
Name of publisher, distributor, etc. United Nations
Date of publication, distribution, etc. 1987
300 ## - PHYSICAL DESCRIPTION
Extent (e.g. Volumes, Pages etc.) xix, 367 p .,W
650 ## - SUBJECT ADDED ENTRY--TOPICAL TERM
Topical term or geographic name entry element Women
650 ## - SUBJECT ADDED ENTRY--TOPICAL TERM
Topical term or geographic name entry element Economic
942 ## - Koha item type (Biblio)
Koha item type Books in Stacks (Lending)
Holdings
Lost status Damaged status Collection code Home library Current library Shelving location Date acquired Full call number Accession Number Item type
    Lending WERC Library WERC Library Social Science Cupboard 03/31/2024 331.l4 WOM 152 Books in Stacks (Lending)

© WERC Library